Už mi lásko není 20 let /
Silný životní příběh známého skladatele v audioknižní podobě doprovází řada jeho nezapomenutelných hitů.
Uloženo v:
| Hlavní autor: | |
|---|---|
| Další autoři: | , , , |
| Médium: | E-audiokniha |
| Jazyk: | Czech |
| Vydáno: |
Praha :
Supraphon,
2024
|
| Témata: | |
| Tagy: |
Žádné tagy |
| LEADER | 05443nim a2200925 i 4500 | ||
|---|---|---|---|
| 001 | 313375 | ||
| 003 | CZ PrSKC | ||
| 005 | 20260601215741.0 | ||
| 007 | sd fungnnmmned | ||
| 008 | 241213t20242024xr nnnng b n cze | ||
| 015 | |a cnb003661996 | ||
| 024 | 1 | |a 099925683320 | |
| 028 | 0 | 1 | |a SU 6833-2 |b Supraphon |
| 040 | |a ABA001 |b cze |e rda | ||
| 043 | |a e-xr--- | ||
| 045 | |a x4y2 | ||
| 072 | 7 | |a 78.07 |x Hudebníci, skladatelé a jiná hudební povolání |2 Konspekt | |
| 080 | |a 78.071.1 |2 MRF | ||
| 080 | |a 78.03.011.26.071.2 |2 MRF | ||
| 080 | |a 78.075 |2 MRF | ||
| 080 | |a (437.3) |2 MRF | ||
| 080 | |a (047.53) |2 MRF | ||
| 080 | |a (086.7)08 |2 MRF | ||
| 080 | |a (086.76) |2 MRF | ||
| 100 | 1 | |a Zahradníková, Markéta, |d 1971- |7 ola2012739482 |4 aut | |
| 245 | 1 | 0 | |a Už mi lásko není 20 let / |c Markéta Zahradníková, Jiří Zmožek |
| 264 | 1 | |a Praha : |b Supraphon, |c 2024 | |
| 264 | 4 | |c ℗2024 | |
| 300 | |a 1 audiodisk (8 hod., 22 min.) ; |c 12 cm | ||
| 306 | |a 082200 | ||
| 336 | |a mluvené slovo |b spw |2 rdacontent | ||
| 337 | |a audio |b s |2 rdamedia | ||
| 338 | |a audiodisk |b sd |2 rdacarrier | ||
| 344 | |a digital |b optical |2 rda | ||
| 347 | |a audio soubor |b MP3 |2 rda | ||
| 500 | |a Název z disku | ||
| 508 | |a Režie, Helena Rytířová | ||
| 511 | 0 | |a Čtou Jaromír Meduna, René Slováčková, Jiří Zmožek | |
| 518 | |o Nahráno |d červenec 2024 |p studio Chevaliere, Řevnice | ||
| 520 | 2 | |a Silný životní příběh známého skladatele v audioknižní podobě doprovází řada jeho nezapomenutelných hitů. |b Knižní rozhovor hudebníka Jiřího Zmožka a jeho dcery, spisovatelky Markéty Zahradníkové, získal svoji audiální verzi díky hercům Jaromíru Medunovi a René Slováčkové, kteří text načetli. Svědectví o vzletu i pádu, prohrách i vítězstvích autora slavných písní. Vzpomínky na Karla Gotta, Hanu Zagorovou, Věru Špinarovou a mnoho dalších populárních osobností. Mimořádně zajímavé vyprávění o československé hudební scéně a jejím zákulisí. Svědectví o okolnostech vzniku šlágrů jako Zvonky štěstí, Biograf láska, Nejhezčí dárek, Tam u nebeských bran a mnoha dalších. Audiokniha obsahuje také patnáct hitů v interpretaci hvězd naší populární hudby. Tři písničky zazpívá i Jiří Zmožek, který také namluvil doslov. Nakladatelská anotace. | |
| 600 | 1 | 7 | |a Zmožek, Jiří, |d 1943- |7 jn20000402754 |2 czenas |
| 648 | 7 | |a 20.-21. století |7 ch462155 |2 czenas | |
| 648 | 4 | |a 1943-2024 | |
| 650 | 0 | 7 | |a hudební skladatelé |7 ph120923 |z Česko |y 20.-21. století |2 czenas |
| 650 | 0 | 7 | |a populární zpěváci |7 ph809850 |z Česko |y 20.-21. století |2 czenas |
| 650 | 0 | 7 | |a hudební producenti |7 ph508986 |z Česko |y 20.-21. století |2 czenas |
| 650 | 0 | 9 | |a composers |z Czechia |y 20th-21st centuries |2 eczenas |
| 650 | 0 | 9 | |a popular singers |z Czechia |y 20th-21st centuries |2 eczenas |
| 650 | 0 | 9 | |a music producers |z Czechia |y 20th-21st centuries |2 eczenas |
| 655 | 7 | |a rozhovory |7 fd133303 |2 czenas | |
| 655 | 7 | |a audioknihy |7 fd119452 |2 czenas | |
| 655 | 7 | |a kompaktní disky |7 fd201991 |2 czenas | |
| 655 | 9 | |a interviews |2 eczenas | |
| 655 | 9 | |a audiobooks |2 eczenas | |
| 655 | 9 | |a compact discs |2 eczenas | |
| 700 | 1 | |a Zmožek, Jiří, |d 1943- |7 jn20000402754 |4 aut |4 nrt | |
| 700 | 1 | |a Meduna, Jaromír, |d 1953- |7 jx20031124122 |4 nrt | |
| 700 | 1 | |a Slováčková, René |7 xx0063437 |4 nrt | |
| 700 | 1 | |a Rytířová, Helena, |d 1951- |7 mzk2008473203 |4 drt | |
| 900 | |a ABA001 |b 19 | ||
| 044 | |a xr | ||
| 505 | 0 | 0 | |t Už mi lásko není dvacet let-Kapitola 1. - Jiříku, zazpívej (33 min., 27 sek.) |
| 505 | 0 | 0 | |t Už mi lásko není dvacet let-Kapitola 2. - Mít svého velitele (29 min., 11 sek.) |
| 505 | 0 | 0 | |t Už mi lásko není dvacet let-Kapitola 3. - Nejmladší důchodce (34 min., 50 sek.) |
| 505 | 0 | 0 | |t Už mi lásko není dvacet let-Kapitola 4. - KKD (29 min., 45 sek.) |
| 505 | 0 | 0 | |t Už mi lásko není dvacet let-Kapitola 5. - Čtyřicátý zbrojnoš v padesáté řadě (34 min., 40 sek.) |
| 505 | 0 | 0 | |t Už mi lásko není dvacet let-Kapitola 6. - První vlaštovka (33 min., 54 sek.) |
| 505 | 0 | 0 | |t Už mi lásko není dvacet let-Kapitola 7. - První v Kartágu i v Římě (44 min., 33 sek.) |
| 505 | 0 | 0 | |t Už mi lásko není dvacet let-Kapitola 8. - Napiš mi písničku! (32 min., 32 sek.) |
| 505 | 0 | 0 | |t Už mi lásko není dvacet let-Kapitola 9. - Budou ti hrozně závidět (39 min., 33 sek.) |
| 505 | 0 | 0 | |t Už mi lásko není dvacet let-Kapitola 10. - Darinka a latifundista z Nikaraguy (40 min., 54 sek.) |
| 505 | 0 | 0 | |t Už mi lásko není dvacet let-Kapitola 11. - Šel jsem světem (48 min., 41 sek.) |
| 505 | 0 | 0 | |t Už mi lásko není dvacet let-Kapitola 12. - Dobrý nezpěvák (30 min., 19 sek.) |
| 505 | 0 | 0 | |t Už mi lásko není dvacet let-Kapitola 13. - Královna dobré nálady (36 min., 7 sek.) |
| 505 | 0 | 0 | |t Už mi lásko není dvacet let-Kapitola 14. - Ten nejtěžší úkol (27 min., 49 sek.) |
| 505 | 0 | 0 | |t Už mi lásko není dvacet let-Kapitola 15. - Mému srdci nejbližší (4 min., 45 sek.) |
| 505 | 0 | 0 | |t Už mi lásko není dvacet let-Slovo na závěr (0 min., 56 sek.) |
| 910 | |a RBIT002 | ||
| 998 | |d 415748 |a https://core.palmknihy.cz/api/books/415748/cover?sn50fx |b https://core.palmknihy.cz/api/books/415748/cover/400?sn50fx |c https://core.palmknihy.cz/api/books/415748/cover/50?sn50fx |e 2099-01-01 |i 099925683320 |l 30108 |q 49 |r 1 |s https://www.palmknihy.cz/kniha/415748 |t audiobook |y 2024 |z 0 | ||
| 999 | |d 313373 | ||